Platební karty velká encyklopedie

Guardado en:
Detalles Bibliográficos
Autor principal: Juřík, Pavel
Formato: Libro
Lenguaje:checo
Publicado: Praha Grada Publishing, a.s. 2006
Materias:
Etiquetas: Agregar Etiqueta
Sin Etiquetas, Sea el primero en etiquetar este registro!

MARC

LEADER 00000nam$a2200000$$$4500
001 0054493
005 20240313134453.3
020 |a 80-247-1381-0 
041 0 |a cze 
044 |a CZ 
245 1 0 |a Platební karty  |b velká encyklopedie  |c Pavel Juřík 
264 1 |a Praha  |b Grada Publishing, a.s.  |c 2006 
300 |a 296 s. 
610 2 0 |a karty platobné 
610 2 0 |a vývoj 
610 2 0 |a šeky 
610 2 0 |a pokladnice registračné 
610 2 0 |a podnik obchodný 
610 2 0 |a banky 
610 2 0 |a bankomaty 
610 2 0 |a terminály 
610 2 0 |a predaj 
610 2 0 |a peniaze 
100 1 |a Juřík, Pavel